[Event "Riazan Region-ch FL"]
[Site "Riazan"]
[Date "2011.01.02"]
[Round "?"]
[White "Chernyshov, Pavel"]
[Black "Sychov, Mikhail"]
[Result "1/2-1/2"]
[WhiteElo "2009"]
[BlackElo "2020"]
[PlyCount "40"]
[EventDate "2011.01.02"]
[EventType "swiss"]
[EventRounds "9"]
[EventCountry "RUS"]
[SourceTitle "EXT 2022"]
[Source "ChessBase"]
[SourceDate "2021.10.06"]
[SourceVersion "1"]
[SourceVersionDate "2021.10.06"]
[SourceQuality "1"]

1. e4 c5 2. Nf3 Nc6 3. d4 cxd4 4. Nxd4 e5 5. Nb5 d6 6. a4 Be7 7. N1c3 a6 8. Na3 Nf6 9. Bg5 Be6 10. Bxf6 Bxf6 11. Bc4 0-0 12. 0-0 Rc8 13. Nd5 Bxd5 14. Bxd5 Qc7 15. c3 Ne7 16. Qb3 Nxd5 17. Qxd5 Qc6 18. Rfd1 Be7 19. Nc2 Qxd5 20. exd5 f5 1/2-1/2

[Event "Riazan Region-ch FL"]
[Site "Riazan"]
[Date "2011.01.02"]
[Round "?"]
[White "Sychov, Mikhail"]
[Black "Frolov, Sergey V"]
[Result "1-0"]
[WhiteElo "2020"]
[BlackElo "1867"]
[PlyCount "67"]
[EventDate "2011.01.02"]
[EventType "swiss"]
[EventRounds "9"]
[EventCountry "RUS"]
[SourceTitle "EXT 2022"]
[Source "ChessBase"]
[SourceDate "2021.10.06"]
[SourceVersion "1"]
[SourceVersionDate "2021.10.06"]
[SourceQuality "1"]

1. d4 Nf6 2. Nf3 e6 3. e3 b6 4. Bd3 Bb7 5. Nbd2 c5 6. b3 Nc6 7. a3 d5 8. Bb2 Be7 9. 0-0 0-0 10. Qe2 Rc8 11. Rac1 Rc7 12. Rfd1 cxd4 13. exd4 Bd6 14. Ne5 Qe7 15. b4 Rfc8 16. f4 a5 17. c3 Nd7 18. g3 Nf8 19. Re1 Bxe5 20. fxe5 Na7 21. b5 Rd8 22. a4 Nc8 23. Nf3 Qe8 24. Ba3 Ne7 25. Bd6 Rcd7 26. Qc2 g6 27. Ba3 Rc8 28. Qd2 Nf5 29. g4 Ng7 30. Qh6 Re7 31. Ng5 Rec7 32. Bd6 Rd7 33. Re3 Rcd8 34. Rh3 1-0

[Event "Riazan Region-ch 1League"]
[Site "Riazan"]
[Date "2009.05.??"]
[Round "?"]
[White "Surkov, Mikhail"]
[Black "Sychov, Mikhail"]
[Result "1/2-1/2"]
[WhiteElo "1935"]
[BlackElo "2031"]
[PlyCount "58"]
[EventDate "2009.05.??"]
[EventType "swiss"]
[EventRounds "11"]
[EventCountry "RUS"]
[SourceTitle "EXT 2012"]
[Source "ChessBase"]
[SourceDate "2011.11.24"]
[SourceVersion "1"]
[SourceVersionDate "2011.11.24"]
[SourceQuality "1"]

1. c4 e5 2. Nc3 Nf6 3. d3 b6 4. g3 Bb7 5. e4 Be7 6. Bg2 0-0 7. Nge2 Nc6 8. 0-0 Bc5 9. a3 a5 10. Bg5 h6 11. Bd2 Nd4 12. Nxd4 Bxd4 13. Qc2 c5 14. Nb5 d6 15. Rab1 Bc6 16. Nxd4 cxd4 17. b4 axb4 18. axb4 Qc7 19. f4 Bd7 20. fxe5 dxe5 21. Bxh6 Nh7 22. Bd2 Ra7 23. Rfc1 Be6 24. Ra1 Rfa8 25. Qb2 Nf6 26. Rxa7 Qxa7 27. h3 Nd7 28. Kh2 Qa3 29. Qc2 f6 1/2-1/2

[Event "Riazan Region-ch 1League"]
[Site "Riazan"]
[Date "2009.05.??"]
[Round "?"]
[White "Tobolevich, Andrey"]
[Black "Sychov, Mikhail"]
[Result "1/2-1/2"]
[WhiteElo "2244"]
[BlackElo "2031"]
[PlyCount "35"]
[EventDate "2009.05.??"]
[EventType "swiss"]
[EventRounds "11"]
[EventCountry "RUS"]
[SourceTitle "EXT 2012"]
[Source "ChessBase"]
[SourceDate "2011.11.24"]
[SourceVersion "1"]
[SourceVersionDate "2011.11.24"]
[SourceQuality "1"]

1. d4 d5 2. Nf3 Bf5 3. c4 c6 4. Nc3 e6 5. e3 Nd7 6. Be2 Bd6 7. 0-0 Ngf6 8. Qb3 b6 9. Qa4 Qc7 10. Bd2 dxc4 11. Qxc4 b5 12. Qb3 Rc8 13. h3 0-0 14. Nh4 Ne4 15. Nxe4 Bxe4 16. Bf3 Bxf3 17. Nxf3 Qb8 18. Bb4 1/2-1/2

[Event "Riazan-ch"]
[Site "Riazan"]
[Date "2009.03.??"]
[Round "?"]
[White "Kozlov, Stanislav"]
[Black "Sychov, Mikhail"]
[Result "1-0"]
[WhiteElo "2336"]
[BlackElo "2052"]
[PlyCount "63"]
[EventDate "2009.03.??"]
[EventType "swiss"]
[EventRounds "13"]
[EventCountry "RUS"]
[SourceTitle "EXT 2010"]
[Source "ChessBase"]
[SourceDate "2010.11.25"]
[SourceVersion "1"]
[SourceVersionDate "2010.11.25"]
[SourceQuality "1"]

1. e4 c5 2. Nf3 Nc6 3. d4 cxd4 4. Nxd4 e5 5. Nb5 d6 6. N1c3 a6 7. Bg5 Qxg5 8. Nc7+ Kd8 9. Nxa8 Bg4 10. Qd2 Qxd2+ 11. Kxd2 Be7 12. Nb6 Bg5+ 13. Ke1 Nd4 14. Bd3 Nf6 15. h3 Be6 16. Ne2 Kc7 17. Nxd4 Kxb6 18. Nxe6 fxe6 19. c3 d5 20. exd5 exd5 21. Rd1 h5 22. h4 Bh6 23. Bc2 Rd8 24. Ke2 a5 25. Rhe1 Kc5 26. Kf1 Re8 27. a4 g5 28. hxg5 Bxg5 29. Bb3 e4 30. Rd4 Re5 31. Kg1 e3 32. f4 1-0

[Event "Riazan-ch"]
[Site "Riazan"]
[Date "2009.03.??"]
[Round "?"]
[White "Sychov, Mikhail"]
[Black "Fomin, Vladimir Aleksander"]
[Result "1/2-1/2"]
[WhiteElo "2052"]
[BlackElo "2198"]
[PlyCount "91"]
[EventDate "2009.03.??"]
[EventType "swiss"]
[EventRounds "13"]
[EventCountry "RUS"]
[SourceTitle "EXT 2010"]
[Source "ChessBase"]
[SourceDate "2010.11.25"]
[SourceVersion "1"]
[SourceVersionDate "2010.11.25"]
[SourceQuality "1"]

1. d4 Nf6 2. e3 g6 3. c4 d6 4. Nc3 Bg7 5. g3 Nbd7 6. Bg2 e5 7. Nge2 0-0 8. 0-0 Rb8 9. b3 a6 10. a4 a5 11. Ba3 b6 12. Qc2 Re8 13. Rad1 Bb7 14. d5 Nc5 15. Bxc5 bxc5 16. Nb5 Bc8 17. e4 Nh5 18. Qd2 Ra8 19. f3 f5 20. Kh1 Nf6 21. Nec3 f4 22. g4 Bxg4 23. fxg4 Nxg4 24. Rf3 Qh4 25. Bh3 Ne3 26. Rxe3 fxe3 27. Qxe3 Bh6 28. Qg3 Qxg3 29. hxg3 Re7 30. Be6+ Kg7 31. Rf1 Bd2 32. Rf3 h5 33. Ne2 g5 34. g4 h4 35. Kg2 Bf4 36. Nbc3 Rb8 37. Nd1 Ra8 38. Ne3 Bxe3 39. Rxe3 Ra6 40. Rf3 Ra8 41. Kh3 Kg6 42. Kh2 Kg7 43. Kh3 Kg6 44. Nc3 Rb8 45. Bf5+ Kg7 46. Nb5 1/2-1/2

[Event "Riazan op"]
[Site "Riazan"]
[Date "2007.08.??"]
[Round "?"]
[White "Alexeev, Alexandr Mikh"]
[Black "Sychov, Mikhail"]
[Result "1/2-1/2"]
[WhiteElo "2117"]
[BlackElo "2015"]
[PlyCount "29"]
[EventDate "2007.08.??"]
[EventType "swiss"]
[EventRounds "9"]
[EventCountry "RUS"]
[SourceTitle "EXT 2009"]
[Source "ChessBase"]
[SourceDate "2008.11.26"]
[SourceVersion "1"]
[SourceVersionDate "2008.11.26"]
[SourceQuality "1"]

1. d4 d5 2. Nc3 e6 3. e4 dxe4 4. Nxe4 Nf6 5. Bg5 Be7 6. Bxf6 Bxf6 7. Nf3 Nc6 8. c3 0-0 9. Bb5 Bd7 10. Qd3 a6 11. Bc4 Na5 12. Bb3 Nxb3 13. axb3 Bc6 14. 0-0 Bxe4 15. Qxe4 1/2-1/2

[Event "Riazan op"]
[Site "Riazan"]
[Date "2007.08.??"]
[Round "?"]
[White "Sychov, Mikhail"]
[Black "Ushakov, Gennadiy"]
[Result "1/2-1/2"]
[WhiteElo "2015"]
[BlackElo "2288"]
[PlyCount "68"]
[EventDate "2007.08.??"]
[EventType "swiss"]
[EventRounds "9"]
[EventCountry "RUS"]
[SourceTitle "EXT 2009"]
[Source "ChessBase"]
[SourceDate "2008.11.26"]
[SourceVersion "1"]
[SourceVersionDate "2008.11.26"]
[SourceQuality "1"]

1. d4 Nf6 2. e3 g6 3. g3 Bg7 4. Bg2 0-0 5. c4 c6 6. Ne2 d6 7. 0-0 Qc7 8. Nbc3 e5 9. d5 c5 10. e4 Ne8 11. Be3 f5 12. Qd2 Nd7 13. Bh6 Ndf6 14. Bxg7 Qxg7 15. f3 Bd7 16. a4 a5 17. Nb5 b6 18. Nec3 Qe7 19. b3 Nh5 20. Ne2 Nhf6 21. Nec3 Rf7 22. Rf2 Ng7 23. Raf1 Raf8 24. Na3 Nge8 25. Nc2 Kg7 26. Ne1 h5 27. h4 Nh7 28. Bh1 f4 29. gxf4 exf4 30. Rh2 Kh8 31. Rff2 Rg7 32. Rfg2 Qf6 33. Ne2 g5 34. hxg5 Rxg5 1/2-1/2

[Event "Riazan Region-ch"]
[Site "Riazan"]
[Date "2007.04.??"]
[Round "7"]
[White "Sychov, Mikhail"]
[Black "Moiseev, Viktor"]
[Result "1/2-1/2"]
[WhiteElo "2007"]
[BlackElo "2415"]
[PlyCount "99"]
[EventDate "2007.04.??"]
[EventType "swiss"]
[EventRounds "9"]
[EventCountry "RUS"]
[SourceTitle "EXT 2010"]
[Source "ChessBase"]
[SourceDate "2010.11.25"]
[SourceVersion "1"]
[SourceVersionDate "2010.11.25"]
[SourceQuality "1"]

1. d4 e5 2. dxe5 Nc6 3. Nf3 Qe7 4. Qd5 f6 5. exf6 Nxf6 6. Qg5 d5 7. c3 Be6 8. Bf4 0-0-0 9. Be5 h6 10. Bxf6 hxg5 11. Bxe7 Bxe7 12. e3 g4 13. Nd4 Nxd4 14. cxd4 c5 15. Nc3 cxd4 16. exd4 Bf5 17. Be2 Kb8 18. Rd1 Rh6 19. Kf1 Bb4 20. Bd3 Bc8 21. Ne2 Rf8 22. a3 Bd6 23. Kg1 Rhf6 24. Rf1 b6 25. Nc3 Be6 26. Ba6 Bf4 27. Bd3 Bd2 28. Nd1 Rf4 29. Be2 Rxd4 30. f3 Bg5 31. Kf2 Rd2 32. Ke1 Rc2 33. Rf2 Re8 34. Kf1 d4 35. f4 Bh6 36. g3 Rc1 37. Ke1 Bb3 38. Kd2 Rb1 39. Bd3 Ra1 40. Bc2 Bc4 41. Bd3 b5 42. Re2 Rc8 43. Rhe1 g5 44. f5 Bf8 45. Bxc4 bxc4 46. Re8 Bc5 47. Rxc8+ Kxc8 48. f6 c3+ 49. bxc3 Bxa3 50. Re4 1/2-1/2

[Event "Riazan Region-ch"]
[Site "Riazan"]
[Date "2007.??.??"]
[Round "4"]
[White "Kozlov, Stanislav"]
[Black "Sychov, Mikhail"]
[Result "1-0"]
[WhiteElo "2290"]
[BlackElo "2025"]
[PlyCount "93"]
[EventDate "2007.04.??"]
[EventType "swiss"]
[EventRounds "9"]
[EventCountry "RUS"]
[SourceTitle "EXT 2010"]
[Source "ChessBase"]
[SourceDate "2010.11.25"]
[SourceVersion "1"]
[SourceVersionDate "2010.11.25"]
[SourceQuality "1"]

1. e4 c5 2. Nf3 Nc6 3. d4 cxd4 4. Nxd4 e5 5. Nb5 d6 6. c4 Nf6 7. N1c3 a6 8. Na3 Be7 9. Be2 0-0 10. Be3 Be6 11. 0-0 Rc8 12. Rc1 Kh8 13. f3 Nd7 14. Nd5 Bxd5 15. Qxd5 Nf6 16. Qd2 Qa5 17. Qxa5 Nxa5 18. Nb1 h6 19. Rfd1 Nc6 20. Nc3 Rfe8 21. a3 Bf8 22. b4 Nd8 23. Na4 Ne6 24. Nb6 Rc6 25. a4 Kg8 26. a5 Rc7 27. Nd5 Rcc8 28. Nb6 Rc7 29. Rd2 Rc6 30. Bd1 Rc7 31. Ba4 Rb8 32. Rdd1 Be7 33. Nd5 Nxd5 34. exd5 Nf8 35. c5 Rcc8 36. Rc4 f5 37. c6 Bd8 38. Ba7 b5 39. Bxb8 Rxb8 40. Bxb5 Rxb5 41. c7 Bxc7 42. Rxc7 Rxb4 43. Rc6 Rb5 44. Rxa6 Kf7 45. Ra7+ Kf6 46. Ra1 Rxd5 47. Rb7 1-0

[Event "Riazan Region-ch"]
[Site "Riazan"]
[Date "2007.??.??"]
[Round "3"]
[White "Moiseev, Viktor"]
[Black "Sychov, Mikhail"]
[Result "0-1"]
[WhiteElo "2415"]
[BlackElo "2025"]
[PlyCount "102"]
[EventDate "2007.04.??"]
[EventType "swiss"]
[EventRounds "9"]
[EventCountry "RUS"]
[SourceTitle "EXT 2010"]
[Source "ChessBase"]
[SourceDate "2010.11.25"]
[SourceVersion "1"]
[SourceVersionDate "2010.11.25"]
[SourceQuality "1"]

1. e4 c5 2. Nf3 Nc6 3. c3 d5 4. exd5 Qxd5 5. d4 e6 6. Be3 cxd4 7. cxd4 Bb4+ 8. Nc3 Nf6 9. Bd3 Qd8 10. 0-0 0-0 11. a3 Be7 12. Qe2 b6 13. Rad1 Bb7 14. Rfe1 Rc8 15. Bb1 Rc7 16. Ne5 Nd5 17. Qd3 g6 18. Bh6 Re8 19. Qg3 Bh4 20. Qg4 Bf6 21. Rd3 Nxc3 22. bxc3 Bg7 23. Bxg7 Kxg7 24. h4 Nxe5 25. dxe5 Rd7 26. Red1 Rxd3 27. Rxd3 Qe7 28. Qd4 Rc8 29. a4 Bd5 30. Qf4 Rc4 31. Rd4 Rxc3 32. h5 h6 33. hxg6 fxg6 34. Bd3 Qg5 35. Qxg5 hxg5 36. Bb5 Rc1+ 37. Kh2 Re1 38. a5 Rxe5 39. axb6 axb6 40. Rb4 Rf5 41. Kg3 Rf4 42. Rb2 Rf8 43. f3 Kf6 44. Kg4 e5 45. Rd2 Be6+ 46. Kg3 Ke7 47. Rb2 Rd8 48. Bc6 Rd6 49. Rxb6 Bd7 50. Rb5 Bxc6 51. Rxe5+ Kf6 0-1